MARC

LEADER 00000nam0a2200000 4500
001 33566
005 20231030214949.0
035 |a (RuTPU)RU\TPU\book\33916 
035 |a BOOK00000567 
090 |a 33566 
100 |a 20011210d1977 km y0rusy50 ca 
101 0 |a rus 
102 |a RU 
105 |a y z 000zy 
200 1 |a Технология производства электрических аппаратов управления и защиты  |f А. В. Волков [и др.] 
210 |a Ленинград  |c Энергия  |d 1977 
215 |a 304 с. 
610 1 |a электрические аппараты 
610 1 |a высокие напряжения 
610 1 |a технологические производства 
610 1 |a электрические аппараты управления 
610 1 |a защита 
610 1 |a сборка 
610 1 |a электрические аппараты 
675 |a 621.316.3  |v 3 
675 |a 621.316.925  |v 3 
701 1 |a Волков  |b А. В.  |g Андрей Васильевич 
701 1 |a Звягин  |b П. Т.  |g Петр Трифонович 
701 1 |a Куксенок  |b П. Ф.  |g Петр Федорович 
701 1 |a Пинчук  |b Н. Д.  |g Николай Дмитриевич 
801 0 |a RU  |b 63413507  |c 20011210  |g PSBO 
801 2 |a RU  |b 63413507  |c 20210528  |g PSBO 
900 |a Электрические аппараты высокого напряжения 
900 |a Технология производства электрических аппаратов 
942 |c BK